legfontosabb tanításai

Elmentve itt :
Bibliográfiai részletek
Szerző: Epikuros
Adatforrás:Philobibl
Dokumentumtípus: Könyv
Nyelv:magyar
Kulcsszavak:hellenizmus
epikureizmus
Megjelent: Bp. 1946
Sorozat:Officina könyvtár 84-85.
LEADER 00520nam a2200193 c 4500
001 bibDOK00008852
005 20200924120437.6
008 060518s1946 hu hun
100 1 |a Epikuros 
245 1 0 |a legfontosabb tanításai  |c Epikuros 
260 |a Bp.  |c 1946 
300 |a 85 p. 
490 1 |a Officina könyvtár 84-85. 
500 |a Kövendi Dénes (ford.) 
500 |a Sárosi Gyula (ford.) 
500 |a Kerényi Károly (bev.) 
695 |a hellenizmus 
695 |a epikureizmus 
830 0 |a Officina könyvtár 84-85.